000
00318nam a22001457a 4500
005
20260409153705.0
008
160628b xxu||||| |||| 00| 0 eng d
041
_a
eng
082
_b
10791
245
_a
Reserve Bank of India Instructing
260
_b
Taxmann
300
_a
1241
650
_a
Management
942
_c
BK
999
_c
4545
_d
4544